LEADER 01480nam a2200217 4500 001 000000341505 003 CaOOAMICUS 005 20200813154835.0 008 200813s1780 sz a 000 u fre r 026 $an.E. y-e- eni- pr(a (3) 1780 (R) 040 $aSeMil$bita 245 00$aTome 17. Contenant la quatrième section de la seconde partie de l'art d'exploiter les mines de charbon de terre. 264 1$aA Neuchatel :$bDe l'Imprimerie de la Société typographique,$c1780. 300 $a[2], 698 p., XXXI-XLII carte di tav. :$bill. calcogr. ;$cfol. 500 $aSegn.: ?²(-?²) A-4S? 4T²(-4T²) 773 0 $aAcademie des sciences $tDescriptions des arts et métiers faites ou approuvées. Par Messieurs de l'Académie Royale des Sciences de Paris ... Par J. E. Bertrand ... Tome 1. [-20.].$dA Neuchatel : De l'Imprimerie de la Société typographique, 1771-1783.$bNouvelle edition publiée avec des observations, & augmentée de tout ce qui a été écrit de mieux sur ces matieres, en Allemagne, en Angleterre, en Suisse, en Italie$g17$w()341494 850 $aSeMil 852 $aSeMil$W1$xVenegono$y1$m3W VI 125 FA$j220622$B232507$CSeMilBibl$Z2$F232507 $8I 996 $6245$aTome 17. Contenant la quatrième section de la seconde partie de l'art d'exploiter les mines de charbon de terre$9(OLS)http://semarc/title/430494 996 $6264$aA Neuchatel :$bDe l'Imprimerie de la Société typographique$9(OLS)http://semarc/publisher/56419 LEADER 00922nam a2200205 4500 001 000000353102 003 CaOOAMICUS 005 20230313154130.0 008 230313s1988 it 000 u ita r 040 $aSeMil$bita 245 00$aDon Giovanni Calabria :$bprofeta della Provvidenza. 264 1$aVerona :$bOpera Don Calabria,$c1988. 300 $a64 p. :$bill. ;$c30 cm 500 $aNumero speciale de l'Amico dei Buoni Fanciulli [pubblicato] in occasione della Beatificazione di don Giovanni Calabria 600 14$aCalabria, Giovanni .$0(OLS)http://semarc/subject/7374 850 $aSeMil 852 $aSeMil$W1$xVenegono$y1$m5D X 15/24$j238437$B244329$CSeMilBibl$Z2$F244329 $81 996 $6245$aDon Giovanni Calabria :$bprofeta della Provvidenza$9(OLS)http://semarc/title/443106 996 $6264$aVerona :$bOpera Don Calabria$9(OLS)http://semarc/publisher/35508 LEADER 00892nam a2200229 i 4500 001 000000190763 003 CaOOAMICUS 005 20100701000000.0 008 100701s1977 be u000 u fre u 013 $a169212 040 $aSeMil$bita 100 1 $aGenicot, Léopold,$d<1914-1995>.$0(OLS)http://semarc/name/85 245 10$aTable des fascicules 1-25 /$cDressée par L. Genicot. 260 $aTurnhout :$bBrepols,$c1977. 300 $a12 p. ;$c24 cm. 490 0 $aTypologie des sources du Moyen Age occidental 830 0$aTypologie des sources du Moyen Age occidental.$0(OLS)http://semarc/title/122 850 $aSeMil 852 $aSeMil$W1$xVenegono$y1$m2U II 125$j141380$B141380$CSeMilBibl$Z2$F152926 $81 961 $aOmaggio: Altro 996 $6245$aTable des fascicules 1-25$9(OLS)http://semarc/title/274858 996 $6260$aTurnhout :$bBrepols$9(OLS)http://semarc/publisher/29626 LEADER 01146nam a2200277 4500 001 000000347465 003 CaOOAMICUS 005 20210827090152.0 008 210827s2021 it 000 u ita r 020 $a978-88-922256-4-0 040 $aSeMil$bita 100 1 $aLe Gendre, Olivier.$0(OLS)http://semarc/name/92067 240 13$aLe charpentier.$0(OLS)http://semarc/title/436753 245 13$aIl falegname di Nazaret /$cOlivier Le Gendre. 264 1$aCinisello Balsamo :$bSan Paolo,$c2021. 300 $a143 p. ;$c21 cm 490 1 $aParole per lo spirito ;$v251 650 4$aGiuseppe .$0(OLS)http://semarc/subject/808 830 0$aParole per lo spirito ;$v251.$0(OLS)http://semarc/title/32563 850 $aSeMil 852 $aSeMil$W1$xVenegono$y1$m2V I 385$j269222$B238540$CSeMilBibl$Z2$F238540 $81 961 $aBraccini Anna Maria - Omaggio 996 $6020$a978-88-922256-4-0$9(OLS)http://semarc/number/293933 996 $6245$aIl falegname di Nazaret$9(OLS)http://semarc/title/436752 996 $6264$aCinisello Balsamo :$bSan Paolo$9(OLS)http://semarc/publisher/30129